000
00264nam a22001097a 4500
082
_a
001
100
_a
Drishti Publication
_9
82369
245
_a
MPPSC Economy OF Madhya pradesh And India
260
_a
Delhi
_b
Drishti Publication
_c
2024
650
_a
GK
942
_c
BK
999
_c
66844
_d
66844